| 000 | 01736nas a2200457 c 4500 | ||
|---|---|---|---|
| 001 | 85815 | ||
| 003 | SpMaBN | ||
| 005 | 20260416162251.0 | ||
| 007 | ta | ||
| 008 | 950203d19221923sp x p 0uuub0spa | ||
| 016 | 7 |
_abiseBNE19950041421 _2SpMaBN _zREB940002087 |
|
| 022 | 0 |
_a2171-1674 _2_u _y9943-6604 |
|
| 035 | _a(OCoLC)733169875 | ||
| 035 | _a(SpMaBN)bise0000037161 | ||
| 040 |
_aSpMaBN _bspa _cSIC _erdc _dRABA |
||
| 080 | _a78.011.26 | ||
| 210 | 0 | _aCanción pop. | |
| 222 | 3 | _aLa Canción popular | |
| 245 | 0 | 3 |
_aLa Canción popular : _brevista musical |
| 260 |
_a[Madrid] _b[La canción Popular] _c1922-1923 _eMadrid _fTorrent y Comp. |
||
| 300 |
_a v. _c31 cm |
||
| 310 | _aIrregular | ||
| 362 | 0 | _aN. 1 ([abr.] 1922)-año 2, n. 14 (en. 1923) | |
| 500 | _aDesde el n. 2 se encarga de la dirección artística Julio Gómez | ||
| 500 | _aDesde el n. 12 figura como director-propietario A. Reyes Moreno | ||
| 515 | _aDe algunos numeros se publican nuevas ediciones | ||
| 594 | _aTítulo tomado de la cubierta | ||
| 650 | 7 |
_aMúsica popular _2embne _910694 |
|
| 650 | 0 |
_aMúsica- _zEspaña- _vPublicaciones periódicas _996865 |
|
| 650 | 7 |
_aCanciones con piano y voz. _953593 |
|
| 655 | 7 |
_aPublicaciones periódicas. _954133 |
|
| 700 | 1 |
_aGómez, Julio _d1886-1973 _edirector de la publicación _947404 |
|
| 752 |
_aEspaña _bMadrid (Comunidad Autónoma) _dMadrid _elugar de publicación _4pup |
||
| 776 | 0 | 8 |
_iVersión en línea _tCanción popular (Internet) _x2990-7136 _w991054094039708606 |
| 852 |
_aM-RABA _jRev-2382 |
||
| 856 | 4 | 1 |
_uhttp://hemerotecadigital.bne.es/issn/2171-1674 _yHemeroteca Digital |
| 866 | _a1922, Año I, n. 3, n. 5, n. 7, n. 13 | ||
| 942 |
_cPERIODICAS _n0 |
||
| 980 | _a1 | ||
| 999 |
_c85815 _d85815 |
||